Aplikácia technológií IoT v marketingu firmy bakalárska práca

Na minha lista:
Detalhes bibliográficos
Autor principal: Rakovský, Samuel
Autor Corporativo: Obchodná fakulta EU. Katedra marketingu
Outros Autores: Červenka, Peter, 1976-
Formato: Livro
Idioma:eslovaco
Publicado em: Bratislava 2024
Tags: Adicionar Tag
Sem tags, seja o primeiro a adicionar uma tag!

MARC

LEADER 00000nbm a2200000 4500
001 0304089
005 20250618144023.1
041 0 |a slo 
044 |a SK 
245 1 0 |a Aplikácia technológií IoT v marketingu firmy  |b bakalárska práca  |c Samuel Rakovský ; školiteľ: Peter Červenka 
264 1 |a Bratislava  |c 2024 
300 |a 42 s. 
100 1 |a Rakovský, Samuel 
700 1 |a Červenka, Peter, 1976- 
710 2 |a Obchodná fakulta EU. Katedra marketingu